[Event "CZE-ch U12 2020"]
[Site "Kouty nad Desnou"]
[Date "2020.03.10"]
[Round "5.2"]
[White "Fizer, Marek"]
[Black "Day, Tobias"]
[Result "1-0"]
[WhiteElo "1907"]
[BlackElo "1837"]
[Annotator "TA"]
[PlyCount "57"]
[EventDate "2020.03.07"]
[EventCountry "CZE"]
[SourceTitle "playchess.com"]
[Source "ChessBase"]
[SourceQuality "1"]

{[%evp 13,56,66,67,64,93,86,118,116,106,91,91,97,129,79,110,40,73,59,56,40,68,56,144,125,146,16,300,289,270,280,479,486,486,383,415,398,531,377,515,504,1016,1015,958,890,29999]} 1. c4 e5 2. Nc3 Nf6 3. g3 Nc6 4. Bg2 Be7 5. e3 d6 6. Nge2 O-O 7. O-O Be6 8. b3 {[#] A25: English Opening vs King's Indian with ...Nc6 but without early d3.} Nd7 $146 ({Predecessor:} 8... Qc8 9. d4 Bh3 10. dxe5 dxe5 11. Nd5 Bxg2 12. Kxg2 Re8 13. Nxe7+ Nxe7 14. Qc2 Qd7 15. Ba3 Ng6 {½-½ (23) Kossuth,T (1563)-Minarik,J (1627) Liptovsky Mikulas 2019}) 9. Bb2 f5 10. d4 {[#] Threatens to win with d5.White is better.} Bf7 11. Nd5 e4 12. Nec3 Nf6 13. Nxf6+ Bxf6 {[#]} 14. f3 (14. g4 $1 $16) 14... Bg5 15. f4 Bf6 16. g4 $36 {[%mdl 2048] White has good play.} g6 17. Bh3 fxg4 (17... Ne7 $1 $14) 18. Qxg4 $16 ({Don't take} 18. Bxg4 $6 Re8 $14) 18... Nb4 19. Rad1 (19. Nxe4 $16 {And now f5 would win.} Nc2 20. Nxf6+ Qxf6 21. e4) 19... Nc2 $2 {[%mdl 8192] This move loses the game for Black.} (19... d5 $11 {and Black stays safe.}) 20. Qe2 $18 Nb4 21. Nxe4 Re8 $2 (21... d5) 22. Nxf6+ Qxf6 23. a3 Na6 24. Bg2 Rab8 25. Qd2 {aiming for d5.} Qe7 26. Rde1 c6 (26... h6 $142 27. d5 Kh7) 27. d5 Kf8 28. Qd4 {[%csl Gb2][%cal Rd4g7]} Nc5 29. Qg7# {Accuracy: White = 62%, Black = 22%.} 1-0

[Event "CZE-ch U12 2020"]
[Site "Kouty nad Desnou"]
[Date "2020.03.10"]
[Round "5.3"]
[White "Hladky, Tadeas"]
[Black "Prazak, Daniel"]
[Result "1/2-1/2"]
[WhiteElo "1773"]
[BlackElo "1765"]
[Annotator "NA RC"]
[PlyCount "79"]
[EventDate "2020.03.07"]
[EventCountry "CZE"]
[SourceTitle "playchess.com"]
[Source "ChessBase"]
[SourceQuality "1"]
[TimeControl "5400+30"]

1. e4 {[%emt 0:00:00]} e6 {[%emt 0:00:00]} 2. d4 {[%emt 0:00:00]} d5 {[%emt 0:00:00]} 3. Nd2 {[%emt 0:00:00]} a6 {[%emt 0:00:40]} 4. Ngf3 {[%emt 0:01:23]} c5 {[%emt 0:00:44]} 5. exd5 {[%emt 0:00:08]} exd5 {[%emt 0:00:12]} 6. c3 {[%emt 0:00:23]} Nf6 {[%emt 0:02:34]} 7. Be2 {[%emt 0:00:59]} Nc6 {[%emt 0:01:16]} 8. O-O {[%emt 0:01:40]} cxd4 {[%emt 0:01:10]} 9. Nxd4 {[%emt 0:00:13]} Nxd4 {[%emt 0:00:07]} 10. cxd4 {[%emt 0:00:05]} Bd6 {[%emt 0:00:23]} 11. Re1 {[%emt 0:01:30]} O-O {[%emt 0:01:56]} 12. Nf1 {[%emt 0:00:28]} Be6 {[%emt 0:06:20]} 13. Bg5 {[%emt 0:01:13]} h6 {[%emt 0:01:52]} 14. Be3 {[%emt 0:00:25]} Qb6 {[%emt 0:02:50]} 15. Qb1 {[%emt 0:04:05]} Rac8 {[%emt 0:03:29]} 16. Rc1 {[%emt 0:03:22]} Rxc1 {[%emt 0:01:56]} 17. Qxc1 {[%emt 0:00:16]} Rc8 {[%emt 0:00:42]} 18. Qb1 {[%emt 0:01:15]} Ng4 {[%emt 0:22:11]} 19. Bxg4 {[%emt 0:03:33]} Bxg4 {[%emt 0:01:12]} 20. Ng3 {[%emt 0:02:43]} Be7 {[%emt 0:06:46]} 21. h3 {[%emt 0:05:23]} Be6 {[%emt 0:02:19]} 22. b3 {[%emt 0:03:30]} Bf6 {[%emt 0:03:00]} 23. Qb2 {[%emt 0:01:45]} Qb4 {[%emt 0:05:01]} 24. Ne2 {[%emt 0:01:06]} Bf5 {[%emt 0:05:15]} 25. Rc1 {[%emt 0:01:26]} Rc6 {[%emt 0:04:00]} 26. Rxc6 {[%emt 0:02:24]} bxc6 {[%emt 0:00:04]} 27. Qc3 {[%emt 0:00:31]} Qb5 {[%emt 0:05:17]} 28. Nc1 {[%emt 0:04:03]} a5 {[%emt 0:03:48]} 29. a4 {[%emt 0:10:35]} Qb6 {[%emt 0:01:49]} 30. Nd3 {[%emt 0:01:46]} Bxd3 {[%emt 0:01:05]} 31. Qxd3 {[%emt 0:00:03]} Be7 {[%emt 0:02:30]} 32. Qc3 {[%emt 0:03:14]} Bb4 {[%emt 0:00:56]} 33. Qd3 {[%emt 0:02:28]} Bd6 {[%emt 0:00:15]} 34. g3 {[%emt 0:01:06]} Be7 {[%emt 0:02:00]} 35. Kg2 {[%emt 0:00:36]} Bb4 {[%emt 0:00:28]} 36. Qc2 {[%emt 0:00:14]} Qb7 {[%emt 0:00:30]} 37. Kh2 {[%emt 0:01:01]} Qb6 {[%emt 0:00:34]} 38. Kg2 {[%emt 0:00:29]} Qb7 {[%emt 0:00:09]} 39. Kh2 {[%emt 0:00:07]} Qb6 {[%emt 0:00:04]} 40. Kg2 {[%emt 0:00:07]} 1/2-1/2

[Event "CZE-ch U12 2020"]
[Site "Kouty nad Desnou"]
[Date "2020.03.10"]
[Round "5.4"]
[White "Brozka, Karel"]
[Black "Jasso, Matej"]
[Result "1-0"]
[WhiteElo "2013"]
[BlackElo "1582"]
[Annotator "ChessBase"]
[PlyCount "83"]
[EventDate "2020.03.07"]
[EventCountry "CZE"]
[SourceTitle "playchess.com"]
[Source "ChessBase"]
[SourceQuality "1"]
[TimeControl "5400+30"]

1. d4 {[%emt 0:00:00]} Nf6 {[%emt 0:00:00]} 2. Nf3 {[%emt 0:00:00]} g6 {[%emt 0:00:00]} 3. c4 {[%emt 0:00:00]} Bg7 {[%emt 0:00:00]} 4. Nc3 {[%emt 0:00:07]} O-O {[%emt 0:00:00]} 5. e4 {[%emt 0:00:29]} d6 {[%emt 0:00:04]} 6. Be2 {[%emt 0:00:26]} Bg4 {[%emt 0:01:08]} 7. Be3 {[%emt 0:00:55]} Nfd7 {[%emt 0:00:46]} 8. Nd2 {[%emt 0:13:30]} Bxe2 {[%emt 0:00:51]} 9. Qxe2 {[%emt 0:00:21]} c5 {[%emt 0:02:17]} 10. d5 {[%emt 0:01:05]} Na6 {[%emt 0:00:35]} 11. f4 {[%emt 0:01:26]} Rb8 {[%emt 0:05:13]} 12. O-O {[%emt 0:06:55]} Nc7 {[%emt 0:03:36]} 13. a4 {[%emt 0:00:29]} a6 {[%emt 0:01:35]} 14. a5 {[%emt 0:02:06]} b5 {[%emt 0:01:48]} 15. axb6 {[%emt 0:01:12]} Rxb6 {[%emt 0:00:14]} 16. Na4 {[%emt 0:02:54]} Rb4 {[%emt 0:01:46]} 17. Ra2 {[%emt 0:01:37]} Qb8 {[%emt 0:01:55]} 18. b3 {[%emt 0:00:52]} Nb6 {[%emt 0:00:58]} 19. Nxb6 {[%emt 0:03:27]} Rxb6 {[%emt 0:00:51]} 20. e5 {[%emt 0:00:56]} Re8 {[%emt 0:05:44]} 21. Qf3 {[%emt 0:05:39]} Qc8 {[%emt 0:05:10]} 22. g4 {[%emt 0:03:46]} Qd7 {[%emt 0:06:51]} 23. Ra3 {[%emt 0:07:18]} f5 {[%emt 0:03:35]} 24. e6 {[%emt 0:04:29]} Nxe6 {[%emt 0:00:46]} 25. dxe6 {[%emt 0:00:24]} Qxe6 {[%emt 0:00:10]} 26. g5 {[%emt 0:07:11]} Qf7 {[%emt 0:03:37]} 27. Bf2 {[%emt 0:04:45]} Kh8 {[%emt 0:03:57]} 28. Re1 {[%emt 0:01:01]} e5 {[%emt 0:04:15]} 29. fxe5 {[%emt 0:02:34]} Bxe5 {[%emt 0:01:38]} 30. Qd3 {[%emt 0:02:04]} Re7 {[%emt 0:16:46]} 31. Nf3 {[%emt 0:02:50]} Bb2 {[%emt 0:02:36]} 32. Ra2 {[%emt 0:00:43]} Rxe1+ {[%emt 0:01:21]} 33. Nxe1 {[%emt 0:00:51]} Be5 {[%emt 0:01:55]} 34. Bxc5 {[%emt 0:03:00]} Rc6 {[%emt 0:01:23]} 35. Bd4 {[%emt 0:00:52]} Qe7 {[%emt 0:00:55]} 36. Nf3 {[%emt 0:00:26]} Rc8 {[%emt 0:02:23]} 37. Re2 {[%emt 0:01:25]} Re8 {[%emt 0:01:07]} 38. Bxe5+ {[%emt 0:01:42]} dxe5 {[%emt 0:00:10]} 39. Rxe5 {[%emt 0:00:40]} Qa7+ {[%emt 0:00:05]} 40. Kg2 {[%emt 0:00:13]} Rxe5 {[%emt 0:00:26]} 41. Nxe5 {[%emt 0:00:03]} Qe7 {[%emt 0:00:10]} 42. Qd8+ {[%emt 0:01:21]} 1-0

[Event "CZE-ch U12 2020"]
[Site "Kouty nad Desnou"]
[Date "2020.03.10"]
[Round "5.5"]
[White "Juhanak, Daniel"]
[Black "Nguyen, Thai Dang Vi"]
[Result "1-0"]
[WhiteElo "1656"]
[BlackElo "1510"]
[Annotator "NA"]
[PlyCount "87"]
[EventDate "2020.03.07"]
[EventCountry "CZE"]
[SourceTitle "playchess.com"]
[Source "ChessBase"]
[SourceQuality "1"]
[TimeControl "5400+30"]

1. d4 {[%emt 0:00:00]} d5 {[%emt 0:00:00]} 2. c4 {[%emt 0:00:00]} dxc4 {[%emt 0:00:00]} 3. Nf3 {[%emt 0:01:14]} Nf6 {[%emt 0:00:09]} 4. g3 {[%emt 0:00:45]} Bf5 {[%emt 0:02:30]} 5. Bg2 {[%emt 0:05:32]} c6 {[%emt 0:00:27]} 6. Nc3 {[%emt 0:07:54]} e6 {[%emt 0:00:44]} 7. a4 {[%emt 0:03:41]} Nbd7 {[%emt 0:01:39]} 8. O-O {[%emt 0:00:44]} Bd6 {[%emt 0:02:04]} 9. Nd2 {[%emt 0:02:23]} Bc7 {[%emt 0:05:21]} 10. Nxc4 {[%emt 0:04:54]} Nb6 {[%emt 0:00:53]} 11. Na5 {[%emt 0:14:34]} Qc8 {[%emt 0:09:30]} 12. Nb3 {[%emt 0:12:44]} O-O {[%emt 0:02:02]} 13. Bg5 {[%emt 0:08:06]} Nbd7 {[%emt 0:01:37]} 14. a5 {[%emt 0:04:03]} h6 {[%emt 0:00:39]} 15. Bf4 {[%emt 0:00:57]} Bxf4 {[%emt 0:08:12]} 16. gxf4 {[%emt 0:00:25]} Qc7 {[%emt 0:00:31]} 17. e3 {[%emt 0:06:57]} Rad8 {[%emt 0:03:01]} 18. Qe2 {[%emt 0:03:16]} c5 {[%emt 0:03:46]} 19. Nb5 {[%emt 0:02:24]} Qb8 {[%emt 0:04:18]} 20. dxc5 {[%emt 0:01:39]} e5 {[%emt 0:16:53]} 21. Rfd1 {[%emt 0:16:42]} exf4 {[%emt 0:01:30]} 22. exf4 {[%emt 0:00:27]} Rfe8 {[%emt 0:00:34]} 23. Qc4 {[%emt 0:00:56]} Be6 {[%emt 0:02:05]} 24. Qc3 {[%emt 0:00:57]} Bxb3 {[%emt 0:01:19]} 25. Qxb3 {[%emt 0:00:14]} Nxc5 {[%emt 0:00:21]} 26. Qc4 {[%emt 0:00:31]} Nce4 {[%emt 0:04:28]} 27. Qc7 {[%emt 0:00:39]} a6 {[%emt 0:03:02]} 28. Qxb8 {[%emt 0:00:31]} Rxb8 {[%emt 0:00:17]} 29. Nd6 {[%emt 0:00:34]} Nxd6 {[%emt 0:04:21]} 30. Rxd6 {[%emt 0:00:04]} Re2 {[%emt 0:05:56]} 31. Rb6 {[%emt 0:00:15]} Ne4 {[%emt 0:00:51]} 32. Bf3 {[%emt 0:00:20]} Rxf2 {[%emt 0:01:55]} 33. Bxe4 {[%emt 0:00:20]} Rxf4 {[%emt 0:00:06]} 34. Bxb7 {[%emt 0:00:39]} Rg4+ {[%emt 0:00:10]} 35. Kf2 {[%emt 0:00:52]} Rg6 {[%emt 0:00:41]} 36. Rxg6 {[%emt 0:00:25]} fxg6 {[%emt 0:00:10]} 37. Bxa6 {[%emt 0:00:06]} Rxb2+ {[%emt 0:00:06]} 38. Be2 {[%emt 0:00:14]} Rb7 {[%emt 0:00:24]} 39. a6 {[%emt 0:00:08]} Ra7 {[%emt 0:00:09]} 40. Rb1 {[%emt 0:00:26]} Kf8 {[%emt 0:00:23]} 41. Rb8+ {[%emt 0:00:11]} Ke7 {[%emt 0:00:15]} 42. Rb7+ {[%emt 0:00:01]} Rxb7 {[%emt 0:00:11]} 43. axb7 {[%emt 0:00:05]} Kd7 {[%emt 0:00:09]} 44. b8=Q {[%emt 0:00:05]} 1-0

[Event "CZE-ch U12 2020"]
[Site "Kouty nad Desnou"]
[Date "2020.03.10"]
[Round "5.6"]
[White "Soucek, Jan"]
[Black "Veverka, Vladimir"]
[Result "1-0"]
[WhiteElo "1872"]
[BlackElo "1656"]
[Annotator "NA RC"]
[PlyCount "63"]
[EventDate "2020.03.07"]
[EventCountry "CZE"]
[SourceTitle "playchess.com"]
[Source "ChessBase"]
[SourceQuality "1"]
[TimeControl "5400+30"]

{[%evp 8,62,22,32767,79,85,174,172,174,179,173,169,181,205,190,213,246,206,201,198,373,219,32767,212,257,268,268,273,300,297,360,291,32767,32767,32767,32767,32767,32767,1055,927,767,801,1156,1650,1475,1816,29994,29995,29995,29996,29996,29997,29997,561,29998,29999,29999]} 1. d4 {[%emt 0:00:00]} d5 {[%emt 0:00:00]} 2. c4 {[%emt 0:00:00]} c6 {[%emt 0:00:20]} 3. Nc3 {[%emt 0:00:07]} Nf6 {[%emt 0:00:27]} 4. Nf3 {[%emt 0:00:19]} dxc4 {[%emt 0:00:22]} 5. e3 {[%emt 0:01:35]} h6 {[%emt 0:10:16]} (5... b5 $11 {remains equal.}) 6. Bxc4 {[%emt 0:01:14] D15: Slav Defence: 4 Nc3 a6 and gambit lines after 4 Nc3 dxc4.} Bf5 {[%emt 0:01:59]} (6... b5 $16 {might work better.}) 7. Qb3 {[%emt 0:02:25]} e6 {[%emt 0:05:00]} 8. Qxb7 {[%emt 0:05:28]} Nbd7 {[%emt 0:00:50]} 9. Qxc6 {[%emt 0:07:50]} Rc8 {[%emt 0:02:38] [#]} 10. Qa6 $146 {[%emt 0:02:06]} ({Predecessor:} 10. Qa4 Bd6 11. Ba6 Rb8 12. Nb5 Qe7 13. Nxd6+ Qxd6 14. b3 Qc7 15. Bd2 Be4 16. Rc1 {1-0 (43) Panos,J (1845)-Laloucek,M (1771) Marianske Lazne 2016}) 10... Bb4 {[%emt 0:02:25]} 11. Bd2 {[%emt 0:01:40]} Qc7 {[%emt 0:13:51]} 12. Bd3 {[%emt 0:05:06]} Bxc3 {[%emt 0:09:13]} 13. Bxc3 {[%emt 0:03:54]} Nd5 $2 {[%emt 0:24:47]} (13... O-O {is a better defense.}) 14. Bxf5 {[%emt 0:46:38]} exf5 {[%emt 0:06:26]} 15. O-O {[%emt 0:04:51]} Nxc3 {[%emt 0:05:18]} 16. bxc3 {[%emt 0:00:18]} Qxc3 {[%emt 0:01:10]} 17. Qxa7 {[%emt 0:01:05]} Nf6 {[%emt 0:03:12]} 18. Qa4+ {[%emt 0:00:59]} Ke7 {[%emt 0:01:18]} 19. Rab1 {[%emt 0:02:21]} Ne4 {[%emt 0:02:16]} 20. Ne5 {[%emt 0:03:35]} Rc7 {[%emt 0:01:17]} 21. Rb3 {[%emt 0:01:08]} Qc2 {[%emt 0:01:11]} 22. Qa3+ {[%emt 0:01:00]} Kf6 {[%emt 0:03:38]} 23. Rb6+ {[%emt 0:01:21]} Kg5 {[%emt 0:00:50]} 24. f3 {[%emt 0:03:57]} Nc3 {[%emt 0:02:38]} 25. Qd6 {[%emt 0:02:00]} Ne2+ {[%emt 0:00:35]} 26. Kh1 {[%emt 0:00:32]} Rf8 {[%emt 0:00:22] [#]} 27. Nxf7+ $1 {[%emt 0:01:14]} Rfxf7 {[%emt 0:00:26]} 28. Qg6+ {[%emt 0:00:17]} Kh4 {[%emt 0:00:07]} 29. g3+ {[%emt 0:00:26]} Nxg3+ {[%emt 0:00:40]} 30. Qxg3+ {[%emt 0:00:11]} Kh5 {[%emt 0:00:12]} 31. Qh3+ {[%emt 0:00:05]} Kg5 {[%emt 0:00:23]} 32. f4# {[%emt 0:00:04]} 1-0

[Event "CZE-ch U12 2020"]
[Site "Kouty nad Desnou"]
[Date "2020.03.10"]
[Round "5.7"]
[White "Martirosyan, David"]
[Black "Setina, Vaclav"]
[Result "1-0"]
[WhiteElo "1522"]
[BlackElo "1507"]
[Annotator "NA RC"]
[PlyCount "31"]
[EventDate "2020.03.07"]
[EventCountry "CZE"]
[SourceTitle "playchess.com"]
[Source "ChessBase"]
[SourceQuality "1"]
[TimeControl "5400+30"]

1. e4 {[%emt 0:00:00]} c5 {[%emt 0:00:00]} 2. Nf3 {[%emt 0:00:00]} Nc6 {[%emt 0:00:00]} 3. d4 {[%emt 0:00:07]} cxd4 {[%emt 0:00:00]} 4. Nxd4 {[%emt 0:00:39]} g6 {[%emt 0:00:00]} 5. c4 {[%emt 0:00:59]} Nf6 {[%emt 0:00:00]} 6. Nc3 {[%emt 0:01:20]} Nxd4 {[%emt 0:00:00]} 7. Qxd4 {[%emt 0:01:41]} Bg7 {[%emt 0:00:00]} 8. e5 {[%emt 0:03:47]} Ng8 {[%emt 0:00:42]} 9. Bf4 {[%emt 0:06:35]} d6 {[%emt 0:11:07]} 10. Rd1 {[%emt 0:04:45]} Qb6 {[%emt 0:19:24]} 11. c5 {[%emt 0:17:54]} Qd8 {[%emt 0:26:27]} 12. cxd6 {[%emt 0:05:55]} e6 {[%emt 0:01:42]} 13. Nb5 {[%emt 0:03:00]} Kf8 {[%emt 0:09:10]} 14. Nc7 {[%emt 0:02:41]} Rb8 {[%emt 0:00:04]} 15. d7 {[%emt 0:01:43]} Qxc7 {[%emt 0:01:30]} 16. d8=Q+ {[%emt 0:00:46] Qc6} 1-0

[Event "CZE-ch U12 2020"]
[Site "Kouty nad Desnou"]
[Date "2020.03.10"]
[Round "5.8"]
[White "Tichy, Tomas"]
[Black "Matusik, Ondrej"]
[Result "1-0"]
[WhiteElo "1810"]
[BlackElo "1482"]
[Annotator "NA"]
[PlyCount "87"]
[EventDate "2020.03.07"]
[EventCountry "CZE"]
[SourceTitle "playchess.com"]
[Source "ChessBase"]
[SourceQuality "1"]
[TimeControl "5400+30"]

{[%evp 8,82,21,29,32767,32767,13,19,32767,8,14,11,16,35,24,10,83,75,92,46,127,60,252,277,258,274,265,232,228,253,242,228,356,398,362,364,351,235,32767,234,241,32767,184,148,172,166,169,168,181,191,203,164,163,153,211,205,32767,166,160,32767,32767,32767,32767,189,32767,32767,32767,32767,157,144,133,145,138,150,32767,173,318]} 1. e4 {[%emt 0:00:00]} e6 {[%emt 0:00:00]} 2. d4 {[%emt 0:00:00]} d5 {[%emt 0:00:00]} 3. Nd2 {[%emt 0:00:10]} c5 {[%emt 0:00:35]} 4. exd5 {[%emt 0:00:11]} Qxd5 {[%emt 0:00:19]} 5. Ngf3 {[%emt 0:00:45]} cxd4 {[%emt 0:00:54]} 6. Bc4 {[%emt 0:00:33]} Qd6 {[%emt 0:00:50]} 7. O-O {[%emt 0:00:21]} Nc6 {[%emt 0:01:14]} 8. Nb3 {[%emt 0:00:59]} (8. Ne4 $5 {[%cal Re4d6]} Qd7 9. Qe2 $14) 8... Nf6 {[%emt 0:01:45]} 9. Nbxd4 {[%emt 0:01:02]} Bd7 {[%emt 0:02:26] C07: French Tarrasch: 3...c5, 4 Ngf3 and 4 exd5 Qxd5.} 10. Nb5 {[%emt 0:00:36]} Qb8 {[%emt 0:01:55]} 11. g3 {[%emt 0:01:08] [#]} Qd8 $146 {[%emt 0:34:24]} ({Predecessor:} 11... a6 12. Bf4 Qxf4 13. gxf4 axb5 14. Bxb5 Rd8 15. Qe2 Be7 16. Ne5 O-O 17. Rfd1 Nd4 18. Rxd4 Bxb5 19. Qd1 Be2 20. Qd2 Ne4 21. Qxe2 Rxd4 22. c3 Ra4 23. Qc2 {1-0 (23) Ljubarskij,J (2305)-Knaak,M Hamburg 1993}) 12. Bf4 {[%emt 0:07:34]} Rc8 {[%emt 0:00:47]} 13. Bd6 {[%emt 0:12:10]} Nb4 {[%emt 0:16:29] [#]} (13... Qb6 $14) 14. Ne5 {[%emt 0:21:04]} ({White should play} 14. Bxf8 $1 $16 Kxf8 15. Nd6 {[%mdl 64] Double Attack}) 14... Nbd5 $2 {[%emt 0:03:25]} ({But not} 14... Rxc4 $2 15. Bxf8 Bxb5 16. Qxd8+ Kxd8 17. Bxg7 $18) ({Better is} 14... Nc6 $1 $14 15. Nxd7 Qxd7) 15. Bxf8 {[%emt 0:05:09]} Kxf8 {[%emt 0:00:16]} 16. Nd6 {[%emt 0:02:16] Double Attack} ({Weaker is} 16. Nxa7 Ra8 $16) 16... Rxc4 {[%emt 0:04:56]} 17. Nxd7+ {[%emt 0:02:57]} Qxd7 {[%emt 0:01:10]} 18. Nxc4 {[%emt 0:00:08]} Ke7 {[%emt 0:02:03]} 19. Qd3 {[%emt 0:04:15]} Rc8 {[%emt 0:01:31]} (19... Qb5 {was necessary.} 20. Rfe1 Ra8) 20. Qa3+ {[%emt 0:02:10] Double Attack} Kd8 {[%emt 0:00:46]} 21. Ne5 {[%emt 0:01:07]} Qe7 {[%emt 0:02:48]} 22. Qd3 {[%emt 0:02:38]} Ke8 {[%emt 0:03:44]} 23. Rad1 {[%emt 0:02:05]} Kf8 {[%emt 0:01:18]} 24. a3 {[%emt 0:06:09]} Qc7 {[%emt 0:01:50]} 25. c4 {[%emt 0:01:22]} Qxe5 {[%emt 0:03:51]} 26. cxd5 {[%emt 0:00:25]} Qxd5 {[%emt 0:00:51] [#]} 27. Qe3 $1 {[%emt 0:01:05]} Qa5 {[%emt 0:01:48] [#]} 28. Rc1 $1 {[%emt 0:01:27]} Rd8 {[%emt 0:02:12]} 29. Rc5 {[%emt 0:01:27]} Qb6 {[%emt 0:01:11]} 30. Rfc1 {[%emt 0:00:45]} Qd6 {[%emt 0:04:59]} 31. Rc8 {[%emt 0:01:42]} b6 {[%emt 0:00:51]} 32. Rxd8+ {[%emt 0:00:31]} Qxd8 {[%emt 0:00:09]} 33. Qb3 {[%emt 0:00:14]} Qd7 {[%emt 0:00:59]} 34. Rd1 {[%emt 0:00:18]} Qe8 {[%emt 0:01:12]} 35. Qb4+ {[%emt 0:00:26]} Kg8 {[%emt 0:00:18]} 36. Qd6 {[%emt 0:00:19]} Nd5 {[%emt 0:00:39]} 37. Qe5 {[%emt 0:00:33]} Qc8 {[%emt 0:01:07]} 38. Qe2 {[%emt 0:02:13]} Kf8 {[%emt 0:01:27]} 39. Qd3 {[%emt 0:01:15]} Kg8 {[%emt 0:00:23]} 40. Qd2 {[%emt 0:01:11]} Qb7 {[%emt 0:00:54]} 41. Rc1 {[%emt 0:01:00]} Qd7 $18 {[%emt 0:01:17]} (41... h6 {is a better defense.} 42. Qc2 Qe7) 42. Qe2 {[%emt 0:00:45]} Qb7 {[%emt 0:00:42]} 43. Qb5 {[%emt 0:00:18]} Qb8 {[%emt 0:00:35]} 44. Qd7 {[%emt 0:00:42]} 1-0

[Event "CZE-ch U12 2020"]
[Site "Kouty nad Desnou"]
[Date "2020.03.10"]
[Round "5.9"]
[White "Kubin, Tomas Daniel"]
[Black "Sedmihradsky, Tomas"]
[Result "1/2-1/2"]
[WhiteElo "1484"]
[BlackElo "1024"]
[Annotator "NA"]
[PlyCount "60"]
[EventDate "2020.03.07"]
[EventCountry "CZE"]
[SourceTitle "playchess.com"]
[Source "ChessBase"]
[SourceQuality "1"]
[TimeControl "5400+30"]

1. e4 {[%emt 0:00:00]} e5 {[%emt 0:00:00]} 2. Nf3 {[%emt 0:00:00]} Nc6 {[%emt 0:00:00]} 3. d4 {[%emt 0:00:00]} exd4 {[%emt 0:00:00]} 4. Bc4 {[%emt 0:00:00]} Nf6 {[%emt 0:00:01]} 5. e5 {[%emt 0:00:00]} Ne4 {[%emt 0:00:04]} 6. Bd5 {[%emt 0:00:06]} Nc5 {[%emt 0:01:33]} 7. O-O {[%emt 0:03:23]} Be7 {[%emt 0:01:03]} 8. Bxc6 {[%emt 0:05:25]} dxc6 {[%emt 0:00:18]} 9. Nxd4 {[%emt 0:00:50]} Ne6 {[%emt 0:01:10]} 10. Be3 {[%emt 0:11:14]} Nxd4 {[%emt 0:01:45]} 11. Bxd4 {[%emt 0:00:25]} b6 {[%emt 0:01:21]} 12. Nc3 {[%emt 0:05:05]} c5 {[%emt 0:01:32]} 13. Be3 {[%emt 0:00:18]} Ba6 {[%emt 0:02:33]} 14. Re1 {[%emt 0:02:50]} O-O {[%emt 0:01:53]} 15. Qg4 {[%emt 0:03:15]} f5 {[%emt 0:07:00]} 16. exf6 {[%emt 0:05:09]} Bxf6 {[%emt 0:01:04]} 17. Rad1 {[%emt 0:03:36]} Qc8 {[%emt 0:02:53]} 18. Qg3 {[%emt 0:12:58]} Bxc3 {[%emt 0:07:41]} 19. bxc3 {[%emt 0:00:39]} Rf7 {[%emt 0:00:38]} 20. Bg5 {[%emt 0:06:00]} Qf5 {[%emt 0:12:08]} 21. Rd2 {[%emt 0:05:46]} Bb5 {[%emt 0:07:23]} 22. Red1 {[%emt 0:05:12]} Re8 {[%emt 0:04:17]} 23. h3 {[%emt 0:01:51]} Ba4 {[%emt 0:07:50]} 24. Rd8 {[%emt 0:04:36]} Qxc2 {[%emt 0:04:43]} 25. Rxe8+ {[%emt 0:02:14]} Bxe8 {[%emt 0:00:18]} 26. Rd8 {[%emt 0:00:25]} Qa4 {[%emt 0:05:40]} 27. Qe5 {[%emt 0:04:24]} Kf8 {[%emt 0:02:53]} 28. c4 {[%emt 0:07:42]} Qc6 {[%emt 0:01:51]} 29. f4 {[%emt 0:02:16]} h6 {[%emt 0:02:53]} 30. Bh4 {[%emt 0:00:25]} a6 {[%emt 0:00:35]} 1/2-1/2

[Event "CZE-ch U12 2020"]
[Site "Kouty nad Desnou"]
[Date "2020.03.10"]
[Round "5.10"]
[White "Buchta, Bartolomej"]
[Black "Babula, Matej"]
[Result "1-0"]
[WhiteElo "1508"]
[BlackElo "1353"]
[Annotator "NA RC"]
[PlyCount "35"]
[EventDate "2020.03.07"]
[EventCountry "CZE"]
[SourceTitle "playchess.com"]
[Source "ChessBase"]
[SourceQuality "1"]
[TimeControl "5400+30"]

1. e4 {[%emt 0:00:00]} e5 {[%emt 0:00:00]} 2. Nf3 {[%emt 0:00:00]} Nc6 {[%emt 0:00:00]} 3. Bb5 {[%emt 0:00:00]} a6 {[%emt 0:00:00]} 4. Ba4 {[%emt 0:00:00]} d6 {[%emt 0:00:00]} 5. c3 {[%emt 0:00:28]} Bd7 {[%emt 0:00:31]} 6. O-O {[%emt 0:00:22]} Nge7 {[%emt 0:00:48]} 7. d4 {[%emt 0:00:19]} g6 {[%emt 0:00:36]} 8. Bb3 {[%emt 0:00:31]} Bg7 {[%emt 0:00:38]} 9. Ng5 {[%emt 0:00:43]} O-O {[%emt 0:01:54]} 10. f4 {[%emt 0:00:19]} Be8 {[%emt 0:15:45]} 11. f5 {[%emt 0:06:51]} h6 {[%emt 0:08:16]} 12. Nh3 {[%emt 0:13:43]} Nc8 {[%emt 0:02:31]} 13. fxg6 {[%emt 0:04:39]} exd4 {[%emt 0:05:28]} 14. Qh5 {[%emt 0:05:41]} Qe7 {[%emt 0:10:09]} 15. Bxh6 {[%emt 0:03:57]} Qe5 {[%emt 0:01:31]} 16. Bg5 {[%emt 0:05:32]} Bh6 {[%emt 0:01:57]} 17. gxf7+ {[%emt 0:00:40]} Bxf7 {[%emt 0:01:15]} 18. Bxf7+ {[%emt 0:00:12]} 1-0